1776 : guerras, reformas y revoluciones /

Guardado en:
Autor Principal: Rebagliati, Lucas.
Otros Autores: Bohoslavsky, Ernesto, dir.
Formato: Libro
Publicado: Los Polvorines : Universidad Nacional de General Sarmiento, 2024.
Series:Años cruciales. Colección Humanidades / dir. por Ernesto Bohoslavsky ; 2
Materias:
Etiquetas: Agregar Etiqueta
Sin Etiquetas, Sea el primero en etiquetar este registro!
LEADER 00820nam a22002295a 4500
001 EHU.bham052575
008 250529s2024####ag############000#0#####d
005 20250529105535.0
245 1 0 |a 1776 :  |b guerras, reformas y revoluciones /  |c Lucas Rebagliati. 
260 |a Los Polvorines :  |b Universidad Nacional de General Sarmiento,  |c 2024. 
300 |a 214 p. 
490 1 |a Años cruciales. Colección Humanidades / dir. por Ernesto Bohoslavsky ;  |v 2 
020 |a 9789876307406 
100 1 |a Rebagliati, Lucas. 
700 1 |a Bohoslavsky, Ernesto, dir. 
082 9 8 |a 982 An637 1776 
653 |a Historia argentina 
653 |a Historia de América 
653 |a Revoluciones americanas 
653 |a Colonialismo 
653 |a Virreinato del Río de la Plata 
859 |a AR-BHAM  |b BIB. HUMANIDADES - General  |h 982  |i An637  |p 17.25  |t 1  |v 1776